| 000 | 00497nam a2200181Ia 4500 | ||
|---|---|---|---|
| 003 | GCL | ||
| 008 | 140319s9999 xx 000 0 eng d | ||
| 040 |
_aGCL / _cGCL |
||
| 082 | 0 | 4 |
_aCC _b932.022 _bL M |
| 100 | 1 | _aLEWIS, ARMAND | |
| 245 | 1 | 0 |
_aLA MEMOIRE DES SABLES: LA VIE EN EGYPTE SOUS LA DOMINATION ROMAINE / _cLEWIS, ARMAND |
| 260 |
_a[S.N] : _bARMAND COLIN ، _c1988 |
||
| 300 | _a222 P | ||
| 650 | 0 | 4 | _aANCIENT EGYPT |
| 650 | 0 | 4 | _aEGYPTOLOGY |
| 650 | 0 | 4 | _aROMAN PERIOD |
| 942 |
_2ddc _cBK |
||
| 999 |
_c15420 _d15420 |
||